Estadísticas para Prueba de Israel

Haz click aquí para tomar la prueba!

Estadísticas generales

  • Esta prueba ha sido tomada 469 veces
  • La puntuación promedio es 11 de 20

Estadísticas de respuestas

PistaRespuesta% Correcto
Ciudad que es legalmente la capital de Israel,
aunque muchos otros países no la reconocen
Jerusalén
97%
Los dos mares que tocan IsraelMar Mediterraneo
89%
Idioma oficialHebreo
87%
El mar interior salado se encuentra a 430 metros bajo el nivel del marMar Muerto
86%
Los dos mares que tocan IsraelMar Rojo
85%
El objeto que aparece en la banderaEstrella de {David}
81%
Las dos ciudades más pobladas de la costa israelíTel Aviv
79%
Península que Israel devolvió a Egipto en 1982Península del Sinaí
69%
El río que se encuentra en la frontera oriental de IsraelRío Jordán
55%
El nombre del organismo nacional de inteligencia de IsraelMosad
51%
“ismo” que se define como el apoyo de una patria judía en Tierra Santa{Sion}ismo
48%
Área que Israel le quitó a Siria en 1967Altos del {Golán}
48%
La guerra que libró Israel en 1967Guerra de los
Seis Días
45%
Las dos ciudades más pobladas de la costa israelíHaifa
37%
La guerra que libró Israel en 1973Guerra de Yom Kipur
30%
Los dos israelíes que compartieron el Premio Nobel de la Paz con Yasir Arafat en 1994 (nombra cualquiera)Isaac Rabin /
Shimon Peres
26%
El cuerpo de agua sobre el que Jesús caminó (según la Biblia)Mar de Galilea
25%
Moneda de IsraelSéquel
25%
Nombre de la legislatura de IsraelKnéset
19%
Desierto que comprende la mitad sur de IsraelNéguev
19%

Distribución de puntuación

Porcentaje por número respondido

Porcentaje de gente con cada puntuación

Historial de tus puntuaciones

No has tomado esta prueba